| 000 | 00510nam a2200121Ia 4500 | ||
|---|---|---|---|
| 008 | 171212s9999 xx 000 0 und d | ||
| 020 | _a9780833080936 | ||
| 100 | _aSaunders, Jessica;Popper, Steven W.;Morral, Andrew R.;Davis, Robert C.;Berrebi, Claude | ||
| 245 |
_cSaunders, Jessica;Popper, Steven W.;Morral, Andrew R.;Davis, Robert C.;Berrebi, Claude _aEffective Policing for 21st-Century Israel |
||
| 260 |
_bRAND Corporation _c2013 |
||
| 650 | _aHistory | ||
| 856 | _uwww.jstor.org/stable/10.7249/j.ctt4cgdfx | ||
| 999 |
_c351981 _d351981 |
||